00418nam a22001457a 450000500170000000800410001702200130005804100120007108200130008310000120009624500340010826000740014230000310021665000250024720240903065423.0240903b |||||||| |||| 00| 0 eng d a10246991 aEnglish a349 NAM  lEnglish aThe Namibian Law Reports 2000 aWindhoek: bLegal Assistance Centre and Juta and Company Ltd, c2000  bxxiv, 281 pages; c26 cm.  aLegal practice bLaw